[Event "ELD 22/23"]
[Site "?"]
[Date "2023.04.23"]
[Round "7.8"]
[White "Dolensky, Filip"]
[Black "Jares, Michal"]
[Result "1/2-1/2"]
[BlackElo "2267"]
[WhiteElo "2076"]
[LiveChessVersion "1.4.8"]

1. d4 Nf6 {[%clk 1:30:48]} 2. Nc3 {[%clk 1:28:58]} d5 {[%clk 1:31:09]} 3. Bg5
{[%clk 1:29:04]} g6 {[%clk 1:29:53]} 4. Qd2 {[%clk 1:28:00]} h6 5. Bf4
{[%clk 1:26:54]} Bg7 {[%clk 1:23:10]} 6. Nf3 {[%clk 1:25:16]} c6 {[%clk 1:21:03]}
7. e3 {[%clk 1:24:11]} Bf5 {[%clk 1:19:52]} 8. Bd3 {[%clk 1:22:02]} Nbd7
{[%clk 1:18:38]} 9. O-O {[%clk 1:20:01]} O-O {[%clk 1:17:45]} 10. Ne5
{[%clk 1:17:23]} Bxd3 {[%clk 1:10:26]} 11. Qxd3 {[%clk 1:15:30]} Nh5
{[%clk 1:09:34]} 12. Rfe1 {[%clk 1:09:09]} e6 {[%clk 1:05:48]} 13. Nxd7
{[%clk 1:05:47]} Nxf4 {[%clk 1:05:18]} 14. exf4 {[%clk 1:05:54]} Qxd7
{[%clk 1:05:47]} 15. Ne2 {[%clk 1:04:31]} Qd6 {[%clk 1:02:30]} 16. c3
{[%clk 1:03:43]} Rfc8 {[%clk 0:59:49]} 17. g3 {[%clk 1:02:53]} a6
{[%clk 0:58:26]} 18. Kg2 {[%clk 1:01:06]} b6 {[%clk 0:58:09]} 19. Ng1
{[%clk 1:01:19]} c5 {[%clk 0:58:00]} 20. Nf3 {[%clk 1:00:58]} cxd4
{[%clk 0:55:43]} 21. Nxd4 {[%clk 1:00:07]} Rc4 {[%clk 0:54:39]} 22. Nf3
{[%clk 0:58:56]} b5 {[%clk 0:53:32]} 23. Rad1 {[%clk 0:55:59]} Rac8
{[%clk 0:52:50]} 24. h4 {[%clk 0:52:39]} h5 {[%clk 0:50:21]} 25. a3
{[%clk 0:51:00]} Qb6 {[%clk 0:47:50]} 26. Ng5 {[%clk 0:41:07]} d4
{[%clk 0:40:36]} 27. cxd4 {[%clk 0:38:17]} Qxd4 {[%clk 0:36:58]} 28. Qxd4
{[%clk 0:32:34]} Rxd4 {[%clk 0:33:16]} 29. Rxd4 {[%clk 0:32:18]} Bxd4
{[%clk 0:33:44]} 30. Re2 {[%clk 0:32:39]} Rc7 {[%clk 0:33:08]} 31. Ne4
{[%clk 0:31:30]} Kf8 {[%clk 0:23:41]} 32. Rd2 {[%clk 0:31:16]} Bg7
{[%clk 0:23:21]} 33. f3 {[%clk 0:27:33]} Ke7 {[%clk 0:23:11]} 34. Nf2
{[%clk 0:27:19]} a5 {[%clk 0:21:05]} 35. Nd1 {[%clk 0:24:10]} Rc5
{[%clk 0:14:29]} 36. Kf2 {[%clk 0:23:20]} Rd5 {[%clk 0:14:26]} 37. Ke2
{[%clk 0:18:56]} Kd7 {[%clk 0:13:21]} 38. Rc2 {[%clk 0:17:51]} Rd6
{[%clk 0:07:45]} 39. Nc3 {[%clk 0:13:42]} Bxc3 {[%clk 0:03:55]} 40. Rxc3
{[%clk 0:14:06]} Rd5 {[%clk 0:04:12]} 41. Rd3 {[%clk 0:12:25]} Kd6
{[%clk 0:04:22]} 42. Ke3 {[%clk 0:11:18]} Rxd3+ {[%clk 0:02:36]} 43. Kxd3
{[%clk 0:11:42]} Kd5 {[%clk 0:02:39]} 44. b3 {[%clk 0:09:59]} f6 {[%clk 0:02:16]}
45. Kc3 {[%clk 0:09:16]} Kc5 {[%clk 0:02:16]} 46. Kd3 {[%clk 0:08:47]} Kd5
{[%clk 0:01:36]} 47. Kc3 {[%clk 0:08:24]} e5 {[%clk 0:01:08]} 48. Kd3
{[%clk 0:03:49]} exf4 {[%clk 0:00:38]} 49. gxf4 {[%clk 0:04:13]} f5
{[%clk 0:00:35]} 50. Kc3 {[%clk 0:03:51]} Kc5 {[%clk 0:00:44]} 51. b4+
{[%clk 0:04:11]} axb4+ {[%clk 0:01:01]} 52. axb4+ {[%clk 0:04:35]} Kd5
{[%clk 0:01:06]} 53. Kd3 {[%clk 0:04:58]} 1/2-1/2

[Event "ELD 22/23"]
[Site "?"]
[Date "2023.04.23"]
[Round "7.9"]
[White "Jun, Rudolf"]
[Black "Zelbova, Lada"]
[Result "1-0"]
[BlackElo "1862"]
[WhiteElo "2188"]
[LiveChessVersion "1.4.8"]

1. e4 {[%clk 1:30:55]} c5 {[%clk 1:30:16]} 2. Nf3 {[%clk 1:30:48]} e6
{[%clk 1:29:37]} 3. c4 {[%clk 1:30:39]} Nc6 {[%clk 1:29:45]} 4. Nc3
{[%clk 1:31:01]} Nd4 {[%clk 1:26:49]} 5. Be2 {[%clk 1:30:38]} Ne7
{[%clk 1:26:31]} 6. Nxd4 {[%clk 1:26:30]} cxd4 {[%clk 1:26:50]} 7. Nb5
{[%clk 1:26:30]} Nc6 {[%clk 1:24:45]} 8. O-O {[%clk 1:26:49]} Be7
{[%clk 1:22:25]} 9. d3 {[%clk 1:26:15]} a6 {[%clk 1:17:37]} 10. Na3
{[%clk 1:26:40]} O-O {[%clk 1:17:21]} 11. Nc2 {[%clk 1:25:49]} b5
{[%clk 1:11:30]} 12. f4 {[%clk 1:24:44]} bxc4 {[%clk 1:07:59]} 13. dxc4
{[%clk 1:24:42]} Qb6 {[%clk 1:07:00]} 14. Kh1 {[%clk 1:23:35]} f5
{[%clk 1:05:04]} 15. Bf3 {[%clk 1:22:15]} Bb7 {[%clk 1:02:37]} 16. b3
{[%clk 1:20:57]} Bf6 {[%clk 0:55:56]} 17. e5 {[%clk 1:10:04]} Be7
{[%clk 0:55:53]} 18. Bb2 {[%clk 1:10:26]} Bc5 {[%clk 0:53:22]} 19. Nxd4
{[%clk 1:02:58]} Bxd4 {[%clk 0:42:45]} 20. Bxd4 {[%clk 1:03:04]} Qxd4
{[%clk 0:41:19]} 21. Qxd4 {[%clk 1:02:50]} Nxd4 {[%clk 0:41:41]} 22. Bxb7
{[%clk 1:03:14]} Ra7 {[%clk 0:41:01]} 23. Bf3 {[%clk 1:03:38]} Nc2
{[%clk 0:40:44]} 24. Rab1 {[%clk 1:03:02]} Nb4 {[%clk 0:40:25]} 25. a3
{[%clk 1:02:24]} Nd3 {[%clk 0:32:46]} 26. g3 {[%clk 1:02:04]} Rb8
{[%clk 0:32:07]} 27. b4 {[%clk 1:00:04]} a5 {[%clk 0:28:40]} 28. Be2
{[%clk 1:00:27]} axb4 {[%clk 0:27:26]} 29. Bxd3 {[%clk 1:00:51]} b3
{[%clk 0:25:22]} 30. Rb2 {[%clk 1:00:44]} Rxa3 {[%clk 0:23:33]} 31. Rfb1
{[%clk 1:01:06]} Kf7 {[%clk 0:21:48]} 32. Kg2 {[%clk 1:00:35]} Ke7
{[%clk 0:17:56]} 33. c5 {[%clk 1:00:24]} Rb4 {[%clk 0:15:25]} 34. Kf3
{[%clk 1:00:49]} h6 {[%clk 0:13:44]} 35. Ke3 {[%clk 0:57:42]} g5 {[%clk 0:13:21]}
36. Rf1 {[%clk 0:57:38]} Ra5 {[%clk 0:12:25]} 37. Rc1 {[%clk 0:56:32]} gxf4+
{[%clk 0:09:20]} 38. gxf4 {[%clk 0:56:55]} Raa4 {[%clk 0:09:15]} 39. Rf2
{[%clk 0:44:47]} Kd8 {[%clk 0:06:56]} 40. Rb1 {[%clk 0:36:23]} Kc7
{[%clk 0:06:27]} 41. Rfb2 {[%clk 0:35:38]} Ra3 {[%clk 0:05:28]} 42. Be2
{[%clk 0:34:52]} Re4+ {[%clk 0:04:14]} 43. Kf3 {[%clk 0:33:38]} Raa4
{[%clk 0:02:43]} 44. Rxb3 {[%clk 0:32:31]} Rxf4+ {[%clk 0:03:06]} 45. Kg3
{[%clk 0:32:51]} Rfe4 {[%clk 0:01:56]} 46. Rb7+ {[%clk 0:33:01]} Kd8
{[%clk 0:01:57]} 47. Bf3 {[%clk 0:26:01]} Rxe5 {[%clk 0:02:06]} 48. Rd1
{[%clk 0:25:59]} Rxc5 {[%clk 0:01:40]} 49. Rdxd7+ {[%clk 0:26:24]} Kc8
{[%clk 0:01:45]} 50. Rh7 {[%clk 0:25:28]} f4+ {[%clk 0:01:56]} 51. Kh4
{[%clk 0:25:29]} Rd4 {[%clk 0:00:38]} 52. Ra7 {[%clk 0:25:55]} Rb5
{[%clk 0:00:36]} 53. Ra8+ {[%clk 0:25:37]} Rb8 {[%clk 0:00:58]} 54. Rh8+
{[%clk 0:26:02]} 1-0

[Event "ELD 22/23"]
[Site "?"]
[Date "2023.04.23"]
[Round "7.10"]
[White "Zelba, Lukas"]
[Black "Brozka, Karel"]
[Result "0-1"]
[BlackElo "2210"]
[WhiteElo "1944"]
[LiveChessVersion "1.4.8"]

1. Nf3 {[%clk 1:29:49]} d5 {[%clk 1:29:14]} 2. c4 {[%clk 1:30:13]} c6
{[%clk 1:27:24]} 3. cxd5 {[%clk 1:30:26]} cxd5 {[%clk 1:27:39]} 4. d4
{[%clk 1:30:49]} Nc6 {[%clk 1:27:39]} 5. Nc3 {[%clk 1:30:23]} Nf6
{[%clk 1:25:41]} 6. Qb3 {[%clk 1:27:56]} Na5 {[%clk 1:23:29]} 7. Qc2
{[%clk 1:28:14]} Bd7 {[%clk 1:22:19]} 8. e3 {[%clk 1:16:15]} e6 {[%clk 1:20:48]}
9. Bd2 {[%clk 1:10:06]} Rc8 {[%clk 1:20:12]} 10. Ne5 {[%clk 1:06:37]} Bd6
{[%clk 1:12:50]} 11. Nxd7 {[%clk 1:04:42]} Qxd7 {[%clk 1:12:07]} 12. Bd3
{[%clk 1:03:29]} a6 {[%clk 1:08:30]} 13. Qa4 {[%clk 0:42:40]} Nc4
{[%clk 0:49:55]} 14. Bxc4 {[%clk 0:37:04]} Rxc4 {[%clk 0:49:31]} 15. Qa5
{[%clk 0:37:09]} O-O {[%clk 0:40:25]} 16. O-O {[%clk 0:33:52]} Qc6
{[%clk 0:39:26]} 17. Be1 {[%clk 0:28:22]} b6 {[%clk 0:38:53]} 18. Qxa6
{[%clk 0:28:26]} Ra8 {[%clk 0:39:13]} 19. Qb5 {[%clk 0:28:46]} Rxc3
{[%clk 0:39:40]} 0-1

[Event "ELD 22/23"]
[Site "?"]
[Date "2023.04.23"]
[Round "7.11"]
[White "Kulhanek, Jachym"]
[Black "Sadek, Vojtech"]
[Result "1-0"]
[BlackElo "1976"]
[WhiteElo "2028"]
[LiveChessVersion "1.4.8"]

1. e4 {[%clk 1:30:35]} c5 {[%clk 1:30:43]} 2. c3 {[%clk 1:30:56]} d5
{[%clk 1:31:04]} 3. exd5 {[%clk 1:31:21]} Qxd5 {[%clk 1:31:29]} 4. d4
{[%clk 1:31:46]} Nf6 {[%clk 1:31:50]} 5. Nf3 {[%clk 1:32:11]} Bg4
{[%clk 1:32:15]} 6. Be2 {[%clk 1:32:38]} e6 {[%clk 1:32:39]} 7. O-O
{[%clk 1:33:01]} Be7 {[%clk 1:32:41]} 8. Be3 {[%clk 1:31:36]} cxd4
{[%clk 1:32:59]} 9. Nxd4 {[%clk 1:30:54]} Bxe2 {[%clk 1:32:23]} 10. Qxe2
{[%clk 1:31:13]} O-O {[%clk 1:25:44]} 11. Rd1 {[%clk 1:28:59]} a6
{[%clk 1:21:27]} 12. Nd2 {[%clk 1:28:05]} Qe5 {[%clk 1:16:45]} 13. N2f3
{[%clk 1:18:12]} Qc7 {[%clk 1:16:24]} 14. Bg5 {[%clk 1:12:40]} Nd5
{[%clk 1:06:18]} 15. Nxe6 {[%clk 1:09:34]} fxe6 {[%clk 1:02:43]} 16. Qxe6+
{[%clk 1:09:02]} Kh8 {[%clk 1:01:42]} 17. Qxd5 {[%clk 1:08:54]} Bc5
{[%clk 0:57:17]} 18. b4 {[%clk 1:07:35]} Bb6 {[%clk 0:55:33]} 19. c4
{[%clk 1:05:50]} Nc6 {[%clk 0:54:20]} 20. a3 {[%clk 1:04:03]} Rae8
{[%clk 0:50:53]} 21. c5 {[%clk 1:03:13]} Ba7 {[%clk 0:51:17]} 22. Qd7
{[%clk 1:02:18]} Qb8 {[%clk 0:45:41]} 23. Rac1 {[%clk 0:50:53]} Ne5
{[%clk 0:42:53]} 24. Nxe5 {[%clk 0:50:21]} Qxe5 {[%clk 0:43:16]} 25. Bh4
{[%clk 0:47:09]} Bb8 {[%clk 0:40:46]} 26. Bg3 {[%clk 0:40:12]} Qb2
{[%clk 0:40:36]} 27. Qd2 {[%clk 0:37:56]} Qxa3 {[%clk 0:39:53]} 28. Bxb8
{[%clk 0:38:20]} Rxb8 {[%clk 0:40:13]} 29. Qc3 {[%clk 0:35:07]} Qxc3
{[%clk 0:30:36]} 30. Rxc3 {[%clk 0:35:32]} Rf4 {[%clk 0:30:18]} 31. Rb3
{[%clk 0:34:25]} Rc4 {[%clk 0:30:17]} 32. h3 {[%clk 0:31:37]} Kg8
{[%clk 0:29:22]} 33. Rd7 {[%clk 0:31:18]} a5 {[%clk 0:19:12]} 34. bxa5
{[%clk 0:28:22]} Rxc5 {[%clk 0:18:26]} 35. a6 {[%clk 0:28:37]} Ra8
{[%clk 0:07:54]} 36. Rbxb7 {[%clk 0:28:49]} 1-0

[Event "ELD 22/23"]
[Site "?"]
[Date "2023.04.23"]
[Round "7.12"]
[White "Petirova, Iva"]
[Black "Stary, Vojtech"]
[Result "0-1"]
[BlackElo "1828"]
[WhiteElo "1694"]
[LiveChessVersion "1.4.8"]

1. e4 {[%clk 1:30:09]} c5 {[%clk 1:30:53]} 2. Nf3 {[%clk 1:30:28]} e6
{[%clk 1:31:14]} 3. d4 {[%clk 1:30:52]} cxd4 {[%clk 1:31:39]} 4. Nxd4
{[%clk 1:31:16]} Nc6 {[%clk 1:32:03]} 5. Nc3 {[%clk 1:31:17]} Qc7
{[%clk 1:32:27]} 6. Be2 {[%clk 1:31:04]} a6 {[%clk 1:32:51]} 7. Be3
{[%clk 1:31:11]} Nf6 {[%clk 1:33:06]} 8. O-O {[%clk 1:30:29]} Bb4
{[%clk 1:31:16]} 9. Nxc6 {[%clk 1:28:06]} Bxc3 {[%clk 1:18:10]} 10. bxc3
{[%clk 1:23:28]} Qxc6 {[%clk 1:15:58]} 11. Bd4 {[%clk 1:20:33]} Qxe4
{[%clk 1:03:46]} 12. Re1 {[%clk 1:16:43]} Qg6 {[%clk 0:55:01]} 13. Bd3
{[%clk 1:14:04]} Qh5 {[%clk 0:53:33]} 14. Qd2 {[%clk 1:12:14]} d6
{[%clk 0:41:53]} 15. Qf4 {[%clk 1:04:55]} Bd7 {[%clk 0:31:02]} 16. Qxd6
{[%clk 1:02:06]} Qd5 {[%clk 0:30:31]} 17. Qxd5 {[%clk 0:56:58]} Nxd5
{[%clk 0:30:37]} 18. Rab1 {[%clk 0:55:56]} Bc6 {[%clk 0:30:15]} 19. g3
{[%clk 0:53:59]} O-O {[%clk 0:29:48]} 20. Re5 {[%clk 0:53:06]} Nf6
{[%clk 0:27:38]} 21. Rg5 {[%clk 0:46:23]} h6 {[%clk 0:26:41]} 22. Ra5
{[%clk 0:44:03]} Rfd8 {[%clk 0:24:20]} 23. Bf1 {[%clk 0:40:43]} Ne4
{[%clk 0:20:10]} 24. Bg2 {[%clk 0:40:21]} Nd2 {[%clk 0:18:35]} 25. Rb4
{[%clk 0:38:52]} Nf3+ {[%clk 0:17:41]} 26. Kh1 {[%clk 0:37:07]} e5
{[%clk 0:15:04]} 27. Rc5 {[%clk 0:35:08]} exd4 {[%clk 0:14:26]} 28. Rxc6
{[%clk 0:35:28]} bxc6 {[%clk 0:14:42]} 29. Bxf3 {[%clk 0:35:49]} dxc3
{[%clk 0:13:41]} 30. Bxc6 {[%clk 0:35:19]} Rab8 {[%clk 0:13:58]} 31. Ra4
{[%clk 0:34:51]} Rd2 {[%clk 0:13:51]} 32. Kg2 {[%clk 0:27:45]} Rxc2
{[%clk 0:13:42]} 33. Rxa6 {[%clk 0:28:06]} Rxf2+ {[%clk 0:12:55]} 0-1

[Event "ELD 22/23"]
[Site "?"]
[Date "2023.04.23"]
[Round "7.13"]
[White "Neumann, Filip"]
[Black "Janous, Marek"]
[Result "1/2-1/2"]
[BlackElo "2153"]
[WhiteElo "2204"]
[LiveChessVersion "1.4.8"]

1. e4 {[%clk 1:30:58]} c5 {[%clk 1:30:43]} 2. Nf3 {[%clk 1:31:23]} e6
{[%clk 1:30:37]} 3. d3 {[%clk 1:29:17]} d5 {[%clk 1:30:58]} 4. Nbd2
{[%clk 1:29:41]} Nc6 {[%clk 1:31:19]} 5. g3 {[%clk 1:30:07]} Nf6 {[%clk 1:31:41]}
6. Bg2 {[%clk 1:30:31]} Be7 {[%clk 1:32:03]} 7. O-O {[%clk 1:30:53]} O-O
{[%clk 1:32:23]} 8. Re1 {[%clk 1:31:13]} Qc7 {[%clk 1:31:21]} 9. c3
{[%clk 1:30:40]} b5 {[%clk 1:26:38]} 10. Nf1 {[%clk 1:29:23]} a5 {[%clk 0:58:10]}
11. e5 {[%clk 1:29:36]} Nd7 {[%clk 0:58:31]} 12. Bf4 {[%clk 1:29:46]} b4
{[%clk 0:56:05]} 13. h4 {[%clk 1:28:12]} a4 {[%clk 0:55:44]} 14. a3
{[%clk 1:28:28]} bxc3 {[%clk 0:55:13]} 15. bxc3 {[%clk 1:28:52]} Ba6
{[%clk 0:53:53]} 16. N1h2 {[%clk 1:28:46]} Qa5 {[%clk 0:54:01]} 17. c4
{[%clk 1:25:48]} dxc4 {[%clk 0:52:09]} 18. dxc4 {[%clk 1:26:12]} Rad8
{[%clk 0:52:12]} 19. Ng5 {[%clk 1:20:28]} Nd4 {[%clk 0:43:05]} 20. Qh5
{[%clk 1:12:53]} Bxg5 {[%clk 0:36:56]} 21. hxg5 {[%clk 1:12:56]} g6
{[%clk 0:06:26]} 22. Qh3 {[%clk 1:12:36]} h5 {[%clk 0:06:48]} 23. g4
{[%clk 1:08:36]} h4 {[%clk 0:07:08]} 24. Qxh4 {[%clk 1:06:11]} Bxc4
{[%clk 0:06:36]} 25. Nf3 {[%clk 0:58:57]} Ne2+ {[%clk 0:04:03]} 26. Rxe2
{[%clk 0:59:25]} Bxe2 {[%clk 0:04:28]} 27. Kh2 {[%clk 0:59:11]} Bxf3
{[%clk 0:04:27]} 28. Bxf3 {[%clk 0:59:34]} Qc3 {[%clk 0:04:55]} 29. Rh1
{[%clk 0:59:02]} Nxe5 {[%clk 0:02:48]} 30. Be4 {[%clk 0:58:03]} Nf3+
{[%clk 0:02:00]} 31. Bxf3 {[%clk 0:58:27]} Qxf3 {[%clk 0:02:29]} 32. Be5
{[%clk 0:58:30]} f6 {[%clk 0:02:58]} 33. Bxf6 {[%clk 0:56:38]} Rxf6
{[%clk 0:02:10]} 34. gxf6 {[%clk 0:57:07]} Rd7 {[%clk 0:01:44]} 35. Rb1
{[%clk 0:56:46]} Qf4+ {[%clk 0:01:43]} 36. Kg1 {[%clk 0:57:10]} Rh7
{[%clk 0:01:07]} 37. Qg3 {[%clk 0:56:26]} Qxg3+ {[%clk 0:01:28]} 38. fxg3
{[%clk 0:56:52]} g5 {[%clk 0:01:54]} 39. Rb8+ {[%clk 0:56:55]} Kf7
{[%clk 0:02:20]} 40. Rc8 {[%clk 0:57:11]} Kxf6 {[%clk 0:02:31]} 41. Rxc5
{[%clk 0:57:30]} Rb7 {[%clk 0:02:43]} 42. Ra5 {[%clk 0:57:50]} Rb3
{[%clk 0:03:07]} 43. Rxa4 {[%clk 0:58:15]} Rxg3+ {[%clk 0:03:33]} 44. Kf2
{[%clk 0:58:38]} Rd3 {[%clk 0:02:56]} 45. Ra5 {[%clk 0:58:49]} Rc3
{[%clk 0:02:39]} 46. a4 {[%clk 0:58:34]} Rc4 {[%clk 0:01:36]} 47. Kf3
{[%clk 0:58:59]} Rf4+ {[%clk 0:01:29]} 48. Kg3 {[%clk 0:59:28]} e5
{[%clk 0:01:01]} 49. Ra6+ {[%clk 0:59:54]} Kf7 {[%clk 0:01:26]} 50. a5
{[%clk 1:00:05]} e4 {[%clk 0:01:01]} 51. Rb6 {[%clk 1:00:28]} e3 {[%clk 0:00:39]}
52. Rb2 {[%clk 1:00:18]} Ra4 {[%clk 0:01:01]} 53. Re2 {[%clk 1:00:36]} Rxa5
{[%clk 0:01:20]} 54. Rxe3 {[%clk 1:00:58]} Kf6 {[%clk 0:01:28]} 1/2-1/2

[Event "ELD 22/23"]
[Site "?"]
[Date "2023.04.23"]
[Round "7.14"]
[White "Seidl, Jan"]
[Black "Winter, Ondrej"]
[Result "1-0"]
[BlackElo "2182"]
[WhiteElo "2006"]
[LiveChessVersion "1.4.8"]

1. e4 {[%clk 1:30:48]} c6 {[%clk 1:29:24]} 2. Nf3 {[%clk 1:29:15]} d5
{[%clk 1:27:24]} 3. d3 {[%clk 1:29:40]} g6 {[%clk 1:24:39]} 4. e5
{[%clk 1:29:53]} c5 {[%clk 1:18:04]} 5. c3 {[%clk 1:26:22]} d4 {[%clk 1:11:55]}
6. g3 {[%clk 1:24:40]} Nc6 {[%clk 1:12:13]} 7. Bg2 {[%clk 1:23:40]} Bg7
{[%clk 1:11:44]} 8. Qe2 {[%clk 1:20:49]} Bg4 {[%clk 1:06:34]} 9. Bf4
{[%clk 1:20:11]} h6 {[%clk 0:59:48]} 10. h3 {[%clk 1:16:08]} Bxf3
{[%clk 0:54:11]} 11. Bxf3 {[%clk 1:15:42]} g5 {[%clk 0:54:20]} 12. Bxc6+
{[%clk 1:15:58]} bxc6 {[%clk 0:54:18]} 13. Bc1 {[%clk 1:16:14]} Qd5
{[%clk 0:54:29]} 14. O-O {[%clk 1:16:35]} Qxe5 {[%clk 0:53:04]} 15. Qxe5
{[%clk 1:14:21]} Bxe5 {[%clk 0:52:52]} 16. Re1 {[%clk 1:14:25]} Bf6
{[%clk 0:45:38]} 17. c4 {[%clk 1:13:55]} e6 {[%clk 0:44:17]} 18. Nd2
{[%clk 1:12:24]} Be7 {[%clk 0:43:11]} 19. Nf3 {[%clk 1:12:45]} Nf6
{[%clk 0:37:56]} 20. b4 {[%clk 1:08:42]} O-O {[%clk 0:19:38]} 21. bxc5
{[%clk 1:07:50]} Bxc5 {[%clk 0:20:06]} 22. h4 {[%clk 1:07:44]} Bb4
{[%clk 0:09:45]} 23. Rf1 {[%clk 1:05:55]} Bc3 {[%clk 0:06:24]} 24. Rb1
{[%clk 1:06:19]} Rfb8 {[%clk 0:06:21]} 25. Rxb8+ {[%clk 1:06:21]} Rxb8
{[%clk 0:06:50]} 26. hxg5 {[%clk 1:06:39]} hxg5 {[%clk 0:07:13]} 27. Ne5
{[%clk 1:07:03]} Rb6 {[%clk 0:04:19]} 28. Bxg5 {[%clk 1:06:36]} Ne8
{[%clk 0:04:22]} 29. Be7 {[%clk 0:57:56]} f6 {[%clk 0:02:58]} 30. Nf3
{[%clk 0:55:02]} e5 {[%clk 0:02:20]} 31. Bc5 {[%clk 0:54:20]} Ra6
{[%clk 0:01:40]} 32. a3 {[%clk 0:54:44]} Ra5 {[%clk 0:01:10]} 33. Bb4
{[%clk 0:54:52]} Bxb4 {[%clk 0:01:23]} 34. axb4 {[%clk 0:55:20]} Ra3
{[%clk 0:01:52]} 35. Rd1 {[%clk 0:55:19]} Rb3 {[%clk 0:01:50]} 36. Ne1
{[%clk 0:54:29]} Rxb4 {[%clk 0:00:44]} 37. Ra1 {[%clk 0:54:54]} Rb7
{[%clk 0:00:35]} 38. Ra6 {[%clk 0:55:18]} Rc7 {[%clk 0:00:42]} 39. Nc2
{[%clk 0:55:22]} f5 {[%clk 0:00:36]} 40. Kf1 {[%clk 0:51:49]} Kf8
{[%clk 0:00:38]} 41. f4 {[%clk 0:51:02]} exf4 {[%clk 0:00:41]} 42. Nxd4
{[%clk 0:48:18]} Rd7 {[%clk 0:00:43]} 43. Nxf5 {[%clk 0:48:43]} Rxd3
{[%clk 0:00:45]} 44. gxf4 {[%clk 0:48:33]} Rf3+ {[%clk 0:01:03]} 45. Ke2
{[%clk 0:48:57]} Rxf4 {[%clk 0:01:27]} 46. Ne3 {[%clk 0:49:23]} Rf6
{[%clk 0:01:05]} 47. Rxa7 {[%clk 0:49:42]} Rf7 {[%clk 0:00:41]} 48. Ra6
{[%clk 0:49:47]} Rc7 {[%clk 0:01:04]} 49. Kd3 {[%clk 0:49:39]} Ke7
{[%clk 0:01:17]} 50. Kd4 {[%clk 0:49:27]} Nf6 {[%clk 0:01:26]} 51. Ra5
{[%clk 0:47:57]} Ke6 {[%clk 0:00:55]} 52. Re5+ {[%clk 0:47:27]} Kf7
{[%clk 0:00:59]} 53. Nf5 {[%clk 0:46:53]} Kf8 {[%clk 0:00:34]} 54. Nd6
{[%clk 0:46:26]} Re7 {[%clk 0:00:33]} 55. Rf5 {[%clk 0:45:18]} Kg7
{[%clk 0:00:39]} 56. Rf1 {[%clk 0:45:16]} Ra7 {[%clk 0:00:38]} 57. Kc5
{[%clk 0:44:44]} Ra6 {[%clk 0:00:54]} 58. Nf5+ {[%clk 0:42:24]} Kh7
{[%clk 0:00:42]} 59. Kd6 {[%clk 0:41:30]} Ne8+ {[%clk 0:00:37]} 60. Ke7
{[%clk 0:39:59]} Ng7 {[%clk 0:00:48]} 61. Nxg7 {[%clk 0:40:03]} Kxg7
{[%clk 0:01:12]} 62. c5 {[%clk 0:39:27]} Kg6 {[%clk 0:00:40]} 63. Kd7
{[%clk 0:39:30]} Kg7 {[%clk 0:00:59]} 64. Kc7 {[%clk 0:39:45]} Kg6
{[%clk 0:00:48]} 65. Kb7 {[%clk 0:40:06]} 1-0

[Event "ELD 22/23"]
[Site "?"]
[Date "2023.04.23"]
[Round "7.15"]
[White "Rokos, Filip"]
[Black "Le, Anh Dung"]
[Result "1-0"]
[BlackElo "2114"]
[WhiteElo "2106"]
[LiveChessVersion "1.4.8"]

1. e4 {[%clk 1:30:58]} c5 {[%clk 1:30:56]} 2. Nf3 {[%clk 1:31:24]} e6
{[%clk 1:31:18]} 3. d4 {[%clk 1:31:50]} cxd4 {[%clk 1:31:45]} 4. Nxd4
{[%clk 1:32:16]} Nc6 {[%clk 1:32:05]} 5. Nc3 {[%clk 1:32:40]} Qc7
{[%clk 1:32:31]} 6. Be3 {[%clk 1:32:50]} a6 {[%clk 1:32:57]} 7. a3
{[%clk 1:32:49]} b5 {[%clk 1:33:21]} 8. Nxc6 {[%clk 1:33:08]} Qxc6
{[%clk 1:33:47]} 9. Bd3 {[%clk 1:33:21]} Bb7 {[%clk 1:33:19]} 10. Qd2
{[%clk 1:32:43]} Qc7 {[%clk 1:19:42]} 11. O-O {[%clk 1:26:11]} Nf6
{[%clk 1:16:51]} 12. Bf4 {[%clk 1:20:57]} Bd6 {[%clk 1:16:43]} 13. Bg3
{[%clk 1:17:16]} Bxg3 {[%clk 1:15:00]} 14. hxg3 {[%clk 1:17:13]} d5
{[%clk 0:58:11]} 15. exd5 {[%clk 1:16:48]} Nxd5 {[%clk 0:56:28]} 16. Nxd5
{[%clk 1:15:19]} Bxd5 {[%clk 0:56:39]} 17. Qb4 {[%clk 1:12:38]} Qe7
{[%clk 0:55:59]} 18. Rfe1 {[%clk 1:11:47]} Qxb4 {[%clk 0:50:46]} 19. axb4
{[%clk 1:11:42]} Ke7 {[%clk 0:51:04]} 20. Red1 {[%clk 0:53:51]} Rhd8
{[%clk 0:45:03]} 21. b3 {[%clk 0:49:43]} Rdc8 {[%clk 0:43:56]} 22. Rdc1
{[%clk 0:49:28]} Rc3 {[%clk 0:43:52]} 23. f3 {[%clk 0:43:15]} f5 {[%clk 0:42:12]}
24. Kf2 {[%clk 0:42:06]} Rac8 {[%clk 0:33:37]} 25. Rd1 {[%clk 0:41:56]} Bb7
{[%clk 0:31:56]} 26. Ke2 {[%clk 0:41:51]} g5 {[%clk 0:30:28]} 27. Rh1
{[%clk 0:39:12]} Rh8 {[%clk 0:28:20]} 28. Rh6 {[%clk 0:38:47]} Rcc8
{[%clk 0:21:05]} 29. Rah1 {[%clk 0:38:39]} Bd5 {[%clk 0:20:49]} 30. Rxh7+
{[%clk 0:37:46]} Rxh7 {[%clk 0:21:12]} 31. Rxh7+ {[%clk 0:38:13]} Kf6
{[%clk 0:21:26]} 32. Ke3 {[%clk 0:36:29]} Ke5 {[%clk 0:18:19]} 33. Ra7
{[%clk 0:34:01]} f4+ {[%clk 0:15:35]} 34. Kf2 {[%clk 0:31:20]} Rc3
{[%clk 0:13:13]} 35. Bh7 {[%clk 0:30:34]} g4 {[%clk 0:07:21]} 36. gxf4+
{[%clk 0:20:13]} Kxf4 {[%clk 0:07:46]} 37. Rf7+ {[%clk 0:18:50]} Ke5
{[%clk 0:07:11]} 38. fxg4 {[%clk 0:17:48]} Be4 {[%clk 0:06:59]} 39. Bxe4
{[%clk 0:16:51]} Kxe4 {[%clk 0:07:28]} 40. g5 {[%clk 0:16:35]} Rxc2+
{[%clk 0:07:25]} 41. Kg3 {[%clk 0:16:52]} e5 {[%clk 0:02:35]} 42. g6
{[%clk 0:17:17]} Rc6 {[%clk 0:02:49]} 43. g7 {[%clk 0:14:52]} Rg6+
{[%clk 0:03:17]} 44. Kh3 {[%clk 0:14:53]} Rh6+ {[%clk 0:03:11]} 45. Kg4
{[%clk 0:12:21]} Rg6+ {[%clk 0:03:33]} 46. Kh5 {[%clk 0:11:42]} Rxg2
{[%clk 0:03:56]} 47. Kh6 {[%clk 0:12:07]} Kd3 {[%clk 0:01:21]} 48. Rf5
{[%clk 0:12:07]} Rxg7 {[%clk 0:01:30]} 49. Kxg7 {[%clk 0:12:34]} e4
{[%clk 0:01:55]} 50. Rf6 {[%clk 0:07:31]} e3 {[%clk 0:02:15]} 51. Rxa6
{[%clk 0:07:58]} e2 {[%clk 0:02:42]} 52. Ra1 {[%clk 0:08:26]} Kd2
{[%clk 0:00:50]} 53. Kf6 {[%clk 0:08:41]} e1=Q {[%clk 0:00:41]} 54. Rxe1
{[%clk 0:09:06]} Kxe1 {[%clk 0:01:08]} 55. Ke5 1-0

[Event "ELD 22/23"]
[Site "?"]
[Date "2023.04.23"]
[Round "7.16"]
[White "Mach, Petr"]
[Black "Vestfal, Jan"]
[Result "1/2-1/2"]
[BlackElo "2050"]
[WhiteElo "2116"]
[LiveChessVersion "1.4.8"]

1. Nf3 {[%clk 1:30:55]} d5 {[%clk 1:30:44]} 2. d4 {[%clk 1:30:30]} Nf6
{[%clk 1:30:31]} 3. g3 {[%clk 1:29:54]} e6 {[%clk 1:27:46]} 4. Bg2
{[%clk 1:28:09]} Be7 {[%clk 1:21:40]} 5. O-O {[%clk 1:23:28]} O-O
{[%clk 1:21:02]} 6. c4 {[%clk 1:17:39]} dxc4 {[%clk 1:19:26]} 7. Qa4
{[%clk 1:15:45]} a6 {[%clk 1:16:02]} 8. Qxc4 {[%clk 1:15:16]} b5 {[%clk 1:15:09]}
9. Qc2 {[%clk 1:14:31]} Bb7 {[%clk 1:14:21]} 10. Bg5 {[%clk 1:11:29]} Be4
{[%clk 1:12:09]} 11. Qc1 {[%clk 1:09:36]} Bb7 {[%clk 1:10:43]} 12. Qc2
{[%clk 1:09:15]} Be4 {[%clk 1:09:51]} 13. Qc1 {[%clk 1:09:16]} Bb7
{[%clk 1:09:54]} 14. Qc2 1/2-1/2